[Event "DVM U14w 2010"]
[Site "Templin OT Groß Dölln GER"]
[Date "2010.12.29"]
[Round "6"]
[White "Hinzke, Anna-Lena"]
[Black "Halle, Julia"]
[Result "1/2-1/2"]
[Termination "normal"]
[Board "2.3"]
[WhiteElo "1068"]
[BlackElo "1152"]
[WhiteTeam "SG Oesede-Georgsmarienhütte"]
[BlackTeam "SG Burgtonna"]
[PlyCount "49"]
[WhiteFideId "12928704"]
[BlackFideId "24694940"]
[EventCountry "GER"]
[EventRounds "7"]
[EventType "team-swiss"]
[EventDate "2010.12.26"]

1. d4 d6 2. c4 g6 3. Nc3 Bg7 4. Nf3 Nd7 5. e4 c5 6. Be3 b6 7. Rc1 Bb7 8. Qd2
cxd4 9. Bxd4 Ngf6 10. Bd3 Rc8 11. O-O O-O 12. h3 Bc6 13. g4 Nc5 14. Rfe1 Ne6
15. Be3 Qc7 16. Nh4 Nc5 17. f3 Bb7 18. b3 d5 19. Bf4 Qd8 20. cxd5 a6 21. Ng2 b5
22. h4 Re8 23. Kf2 e6 24. b4 Nxd3+ 25. Qxd3 1/2-1/2

[Event "DVM U14w 2010"]
[Site "Templin OT Groß Dölln GER"]
[Date "2010.12.29"]
[Round "6"]
[White "Winterberg, Johanna"]
[Black "Wang, Yanru"]
[Result "1-0"]
[Termination "normal"]
[Board "2.4"]
[WhiteElo "1080"]
[BlackElo "989"]
[WhiteTeam "SG Burgtonna"]
[BlackTeam "SG Oesede-Georgsmarienhütte"]
[PlyCount "65"]
[WhiteFideId "12929344"]
[BlackFideId "12929328"]
[EventCountry "GER"]
[EventRounds "7"]
[EventType "team-swiss"]
[EventDate "2010.12.26"]

1. e4 {[%emt 0:00:00]} e5 2. Nf3 Nc6 3. Bc4 Nf6 4. d3 Bc5 5. Nc3 O-O 6. O-O d6
7. h3 Re8 8. Re1 Be6 9. Bxe6 Rxe6 10. Be3 Bxe3 11. Rxe3 h6 12. Nd5 Ne7 13.
Nxf6+ Rxf6 14. d4 exd4 15. Qxd4 Nc6 16. Qd2 Re6 17. Nd4 Nxd4 18. Qxd4 Qe7 19.
Rae1 b6 20. e5 dxe5 21. Rxe5 Rxe5 22. Rxe5 Qd8 23. Qe4 Qd1+ 24. Kh2 Qd6 25.
Qxa8+ Kh7 26. Qd5 Qf6 27. Rf5 Qxb2 28. Rxf7 Qxc2 29. Qf5+ Qxf5 30. Rxf5 c5 31.
Kg3 Kg8 32. Kf4 g6 33. Rf6 1-0

[Event "DVM U14w 2010"]
[Site "Templin OT Groß Dölln GER"]
[Date "2010.12.29"]
[Round "6"]
[White "Edel, Fenja"]
[Black "Lemke, Berfîn"]
[Result "0-1"]
[Termination "normal"]
[Board "3.1"]
[WhiteElo "1506"]
[BlackElo "1509"]
[WhiteTeam "SV Lingen"]
[BlackTeam "SC Diogenes"]
[PlyCount "70"]
[WhiteFideId "24696749"]
[BlackFideId "1270578"]
[EventCountry "GER"]
[EventRounds "7"]
[EventType "team-swiss"]
[EventDate "2010.12.26"]

1. e4 e5 2. Nc3 Nf6 3. Bc4 Nc6 4. d3 Bc5 5. f4 d6 6. Nf3 Bg4 7. Na4 Bb6 8. Nxb6
axb6 9. O-O O-O 10. Qe1 Nh5 11. f5 Bxf3 12. Rxf3 Nd4 13. Rh3 Nf4 14. Bxf4 Nxc2
15. Qc1 Nxa1 16. Be3 b5 17. Bxf7+ Rxf7 18. Qxa1 d5 19. a3 Rd7 20. Qa2 Kh8 21.
Rf3 dxe4 22. dxe4 Rd1+ 23. Rf1 Rxf1+ 24. Kxf1 Qd3+ 25. Kf2 Rf8 26. Qe6 Qxe4 27.
Qe7 Rxf5+ 28. Ke2 Qxg2+ 29. Kd3 Qd5+ 30. Ke2 e4 31. Qe8+ Qg8 32. Qxe4 Qc4+ 33.
Qxc4 bxc4 34. Kd2 g5 35. Kc3 h5 0-1

[Event "DVM U14w 2010"]
[Site "Templin OT Groß Dölln GER"]
[Date "2010.12.29"]
[Round "6"]
[White "Hölzer, Jeanette"]
[Black "Thole, Ann-Christin"]
[Result "1-0"]
[Termination "normal"]
[Board "3.2"]
[WhiteElo "1286"]
[BlackElo "1288"]
[WhiteTeam "SC Diogenes"]
[BlackTeam "SV Lingen"]
[PlyCount "113"]
[WhiteFideId "12917982"]
[BlackFideId "12907529"]
[EventCountry "GER"]
[EventRounds "7"]
[EventType "team-swiss"]
[EventDate "2010.12.26"]

1. e4 {[%emt 0:00:00]} c5 2. Nf3 e6 3. d4 cxd4 4. Nxd4 Nf6 5. Nc3 Nc6 6. Ndb5
Bb4 7. a3 Bxc3+ 8. Nxc3 O-O 9. Bd3 d5 10. exd5 Nxd5 11. Ne4 Bd7 12. O-O Qc7 13.
Ng5 g6 14. Ne4 Nce7 15. Bh6 Rfe8 16. Qf3 Nf5 17. Bg5 Qe5 18. c4 Nd4 19. Qd1 f5
20. f4 Ne3 21. fxe5 Nxd1 22. Nf6+ Kf7 23. Raxd1 Red8 24. Nxh7 Rh8 25. Nf6 Ba4
26. Rde1 Rac8 27. Ne4 Kg8 28. Nd6 Rc7 29. Rf4 Nb3 30. Re3 Rh5 31. Rg3 a6 32.
Bf6 Kh7 33. Bc2 Nc5 34. Bxa4 Nxa4 35. b3 Nc5 36. b4 Nd7 37. c5 b6 38. cxb6 Nxb6
39. Bd8 Rc6 40. Bxb6 Rxb6 41. Rc4 a5 42. b5 Kh6 43. Ra4 Kh7 44. Rxa5 f4 45.
Ra7+ Kh6 46. Rh3 Rxh3 47. gxh3 Kh5 48. Re7 Rb8 49. Rxe6 Rh8 50. Nc4 Rc8 51. Rc6
Rd8 52. b6 Rd1+ 53. Kg2 Ra1 54. b7 Ra2+ 55. Kf3 Rxh2 56. b8=Q Rxh3+ 57. Kxf4
1-0

[Event "DVM U14w 2010"]
[Site "Templin OT Groß Dölln GER"]
[Date "2010.12.29"]
[Round "6"]
[White "Schlichter, Lisa"]
[Black "Roth, Mona"]
[Result "1/2-1/2"]
[Termination "normal"]
[Board "3.3"]
[WhiteElo "1007"]
[BlackElo "1099"]
[WhiteTeam "SV Lingen"]
[BlackTeam "SC Diogenes"]
[PlyCount "81"]
[WhiteFideId "12926396"]
[EventCountry "GER"]
[EventRounds "7"]
[EventType "team-swiss"]
[EventDate "2010.12.26"]

1. e4 e5 2. Nf3 Nc6 3. Bc4 Bc5 4. c3 Nf6 5. d4 exd4 6. cxd4 Bb4+ 7. Bd2 Nxe4 8.
Bxb4 Nxb4 9. Qb3 d5 10. Qxb4 dxc4 11. Qxc4 Be6 12. Qe2 Ng5 13. Nbd2 O-O 14. O-O
Bg4 15. Rfd1 Re8 16. Qd3 Qf6 17. Nxg5 Qxg5 18. Re1 Bf5 19. Qc3 Bh3 20. Qxh3
Qxd2 21. Qc3 Re2 22. Rxe2 Qxe2 23. Re1 Qg4 24. Qxc7 Qxd4 25. Qxb7 Rd8 26. h3 h6
27. Re7 Qd1+ 28. Kh2 Qd6+ 29. g3 Rb8 30. Qxa7 Rf8 31. b3 g5 32. Rd7 Qe5 33. Rb7
h5 34. a4 h4 35. b4 hxg3+ 36. fxg3 Qe2+ 37. Kg1 Qe1+ 38. Kg2 Qe2+ 39. Qf2 Qe4+
40. Qf3 Qc2+ 41. Qf2 1/2-1/2

[Event "DVM U14w 2010"]
[Site "Templin OT Groß Dölln GER"]
[Date "2010.12.29"]
[Round "6"]
[White "Lohmann, Anna"]
[Black "Möller, Hannah"]
[Result "1/2-1/2"]
[Termination "normal"]
[Board "3.4"]
[WhiteElo "740"]
[BlackElo "954"]
[WhiteTeam "SC Diogenes"]
[BlackTeam "SV Lingen"]
[PlyCount "75"]
[WhiteFideId "12929484"]
[BlackFideId "1270514"]
[EventCountry "GER"]
[EventRounds "7"]
[EventType "team-swiss"]
[EventDate "2010.12.26"]

1. e4 e5 2. Nf3 Nc6 3. Bc4 Nf6 4. d3 Bc5 5. O-O O-O 6. Bg5 d6 7. c3 Be6 8. Bd5
Bd7 9. d4 exd4 10. cxd4 Bb6 11. e5 dxe5 12. dxe5 Nxe5 13. Nxe5 Rb8 14. Bxb7
Rxb7 15. Nxd7 Qxd7 16. Qxd7 Nxd7 17. Nc3 Nc5 18. Nd5 Nd3 19. Nxb6 cxb6 20. Rab1
Nc5 21. b4 Ne4 22. Bh6 Nd2 23. Rfe1 Nxb1 24. Rxb1 Rc7 25. Re1 Rfc8 26. Bg5 h6
27. Bf4 Rc4 28. Be3 Rxb4 29. g3 a5 30. a3 Rb3 31. Bc1 a4 32. Be3 Rb8 33. Ra1 b5
34. Bc1 b4 35. h3 Rc8 36. Kf1 Rc6 37. Bd2 Rd3 38. Bxb4 1/2-1/2

[Event "DVM U14w 2010"]
[Site "Templin OT Groß Dölln GER"]
[Date "2010.12.29"]
[Round "6"]
[White "Oltmanns, Bianca"]
[Black "Weber, Sandra"]
[Result "1/2-1/2"]
[Termination "normal"]
[Board "4.1"]
[WhiteElo "1645"]
[BlackElo "1575"]
[WhiteTeam "USG Chemnitz"]
[BlackTeam "SF Heilbronn-Biberach"]
[PlyCount "48"]
[WhiteFideId "24698008"]
[BlackFideId "1270049"]
[EventCountry "GER"]
[EventRounds "7"]
[EventType "team-swiss"]
[EventDate "2010.12.26"]

1. e4 e5 2. Nf3 Nc6 3. Bb5 Nf6 4. Nc3 a6 5. Ba4 Bc5 6. O-O d6 7. Re1 O-O 8.
Bxc6 bxc6 9. d4 exd4 10. Nxd4 Bxd4 11. Qxd4 h6 12. Bf4 Nh5 13. Bd2 Qh4 14. Ne2
Re8 15. Ng3 Nf4 16. Qe3 Nh5 17. Nxh5 Qxh5 18. Bc3 Re6 19. Qf4 Rg6 $11 20. Re3
Qg4 21. Qxg4 Rxg4 22. Ba5 Ra7 23. Rae1 Rg6 24. Rb3 Re6 1/2-1/2

[Event "DVM U14w 2010"]
[Site "Templin OT Groß Dölln GER"]
[Date "2010.12.29"]
[Round "6"]
[White "Triantafillidis, Zoe"]
[Black "Münzner, Rebecca"]
[Result "1/2-1/2"]
[Termination "normal"]
[Board "4.2"]
[WhiteElo "1278"]
[BlackElo "1187"]
[WhiteTeam "SF Heilbronn-Biberach"]
[BlackTeam "USG Chemnitz"]
[PlyCount "80"]
[WhiteFideId "12900150"]
[BlackFideId "12929352"]
[EventCountry "GER"]
[EventRounds "7"]
[EventType "team-swiss"]
[EventDate "2010.12.26"]

1. e4 e6 2. d4 d5 3. exd5 exd5 4. Nc3 Nf6 5. Nf3 Bd6 6. Bd3 O-O 7. Bg5 Be7 8.
Qd2 c6 9. O-O Re8 10. Rfe1 Be6 11. h3 Nbd7 12. a3 b5 13. Ne2 Nb6 14. Nf4 Bd7
15. Bxf6 Bxf6 16. Rxe8+ Qxe8 17. Re1 Qd8 18. Ne2 Be6 19. Ng3 Nd7 20. Bf5 Bxf5
21. Nxf5 g6 22. Nh6+ Kg7 23. Qf4 Qb8 24. Qg4 Kxh6 25. Qxd7 Qc8 26. Qxf7 Qf8 27.
Qxf8+ Rxf8 28. Re6 c5 29. c3 cxd4 30. Nxd4 Bxd4 31. cxd4 Rf4 32. Ra6 Rxd4 33.
Rxa7 Rd1+ 34. Kh2 Rd2 35. Rd7 Rxf2 36. Rxd5 Rxb2 37. Kg3 Rb3+ 38. Kg4 Rxa3 39.
Rxb5 Ra4+ 40. Kg3 Ra3+ 1/2-1/2

[Event "DVM U14w 2010"]
[Site "Templin OT Groß Dölln GER"]
[Date "2010.12.29"]
[Round "6"]
[White "Kluge, Leyla"]
[Black "Triantafillidis, Katherina"]
[Result "1/2-1/2"]
[Termination "normal"]
[Board "4.3"]
[WhiteElo "1249"]
[BlackElo "1239"]
[WhiteTeam "USG Chemnitz"]
[BlackTeam "SF Heilbronn-Biberach"]
[PlyCount "44"]
[WhiteFideId "12918172"]
[BlackFideId "24692409"]
[EventCountry "GER"]
[EventRounds "7"]
[EventType "team-swiss"]
[EventDate "2010.12.26"]

1. c4 e5 2. Nc3 Nf6 3. g3 Bc5 4. Bg2 O-O 5. d3 h6 6. Nf3 Nc6 7. O-O d5 8. cxd5
Nxd5 9. Nxe5 Nxc3 10. Nxc6 Nxd1 11. Nxd8 Bxf2+ 12. Kh1 Rxd8 13. Rxd1 Re8 14.
Bf3 c6 15. Bf4 Bd4 16. Rab1 Be6 17. b3 Bf5 18. Rbc1 Rad8 19. Rc2 a6 20. Rcc1
Be6 21. Rc2 Bf5 22. Rcc1 Be6 1/2-1/2

[Event "DVM U14w 2010"]
[Site "Templin OT Groß Dölln GER"]
[Date "2010.12.29"]
[Round "6"]
[White "Graf, Janine"]
[Black "Jentzsch, Juliane"]
[Result "1-0"]
[Termination "normal"]
[Board "4.4"]
[WhiteElo "756"]
[BlackElo "1091"]
[WhiteTeam "SF Heilbronn-Biberach"]
[BlackTeam "USG Chemnitz"]
[PlyCount "59"]
[EventCountry "GER"]
[EventRounds "7"]
[EventType "team-swiss"]
[EventDate "2010.12.26"]

1. e4 c5 2. Nf3 Nc6 3. Bc4 g6 4. Ng5 Ne5 5. b3 Nxc4 6. bxc4 Bg7 7. c3 d6 8. O-O
Nf6 9. d3 O-O 10. Be3 a6 11. Nd2 Ng4 12. h3 Nxe3 13. fxe3 Bxc3 14. Rb1 Bg7 15.
Rf2 e6 16. Qg4 d5 17. Rbf1 Qe7 18. Rxf7 Rxf7 19. Rxf7 Qe8 20. Rf2 b5 21. Qh4 h5
22. g4 Qe7 23. gxh5 Bh6 24. Ndf3 Qf6 25. hxg6 Qxg6 26. Rg2 Kh8 27. Nf7+ Qxf7
28. Qxh6+ Qh7 29. Qf6+ Qg7 30. Qxg7# 1-0

[Event "DVM U14w 2010"]
[Site "Templin OT Groß Dölln GER"]
[Date "2010.12.29"]
[Round "6"]
[White "Reksten, Anne"]
[Black "Wulf, Constanze"]
[Result "1-0"]
[Termination "normal"]
[Board "5.1"]
[WhiteElo "1341"]
[BlackElo "1238"]
[WhiteTeam "SG Porz"]
[BlackTeam "SAV Torgelow"]
[PlyCount "148"]
[WhiteFideId "24692778"]
[BlackFideId "24692379"]
[EventCountry "GER"]
[EventRounds "7"]
[EventType "team-swiss"]
[EventDate "2010.12.26"]

1. c4 c5 2. g3 Nc6 3. Bg2 e6 4. Nc3 Nge7 5. e3 g6 6. Nge2 Bg7 7. O-O O-O 8. a3
Rb8 9. Rb1 a6 10. b4 cxb4 11. axb4 b5 12. cxb5 axb5 13. d4 d5 14. Nf4 Bd7 15.
Nd3 Nf5 16. Nc5 Nce7 17. Ra1 Ra8 18. Rxa8 Qxa8 19. Nxd7 Rd8 20. Nc5 Nd6 21. Re1
Qb8 22. Re2 Nc4 23. Ra2 Rc8 24. Bf1 Nc6 25. Qb3 Bf8 26. Qb1 Kg7 27. Bxc4 bxc4
28. b5 Nd8 29. Ba3 Bxc5 30. Bxc5 Nb7 31. Qb4 Rd8 32. b6 Kg8 33. Ra7 Qc8 34. Qb5
Kg7 35. Qa6 Rd7 36. Ra8 Qc6 37. Qb5 Qxb5 38. Nxb5 Nd8 39. Bd6 Nc6 40. Bc7 f6
41. b7 c3 42. b8=Q Nxb8 43. Bxb8 c2 44. Ra1 Rb7 45. Na3 Rxb8 46. Rc1 Rb3 47.
Nxc2 Rc3 48. Kf1 e5 49. Ke2 exd4 50. exd4 Kf7 51. Kd2 Rb3 52. Re1 f5 53. Re5
Kf6 54. Rxd5 Rb2 55. Kc3 Rb1 56. Ne3 Rh1 57. h4 Rh2 58. f4 Rf2 59. h5 Rf3 60.
Kd2 Rxg3 61. hxg6 hxg6 62. Ke2 Rh3 63. Rd6+ Kf7 64. Nc4 Rh6 65. Ne5+ Kg7 66.
Rxg6+ Rxg6 67. Nxg6 Kxg6 68. Kf3 Kf6 69. Kg3 Ke6 70. Kh4 Kd5 71. Kg5 Ke4 72. d5
Kxd5 73. Kxf5 Kd6 74. Kg6 Ke7 1-0

[Event "DVM U14w 2010"]
[Site "Templin OT Groß Dölln GER"]
[Date "2010.12.29"]
[Round "6"]
[White "Schünemann, Anne"]
[Black "Gadschisade, Natawan"]
[Result "1-0"]
[Termination "normal"]
[Board "5.2"]
[WhiteElo "1068"]
[BlackElo "1179"]
[WhiteTeam "SAV Torgelow"]
[BlackTeam "SG Porz"]
[PlyCount "145"]
[BlackFideId "12929565"]
[EventCountry "GER"]
[EventRounds "7"]
[EventType "team-swiss"]
[EventDate "2010.12.26"]

1. e4 e5 2. Nf3 Nc6 3. d4 exd4 4. Nxd4 Bc5 5. Be3 Nf6 6. Nc3 d6 7. Be2 h6 8.
O-O Bb4 9. a3 Bxc3 10. bxc3 Nxe4 11. Qd3 Ng5 12. Bd2 Bd7 13. f4 Nh7 14. Qe3+
Qe7 15. Qxe7+ Nxe7 16. Rfe1 O-O 17. Rab1 b6 18. Bf3 Rae8 19. c4 Nf5 20. Rxe8
Rxe8 21. Nc6 a6 22. c3 Nf6 23. Nb4 Ne4 24. Bxe4 Rxe4 25. Re1 Rxe1+ 26. Bxe1 Bc8
27. Bf2 a5 28. Nd5 Ba6 29. Nxc7 Bxc4 30. Bxb6 a4 31. Kf2 Kf8 32. Ba5 Ke7 33.
Na8 Ke6 34. Nb6 Bb3 35. Bb4 d5 36. Ke2 Ne7 37. Kd3 Nc6 38. Bf8 Na5 39. Bxg7 Kd6
40. Bxh6 Kc6 41. Nc8 Nc4 42. Bf8 Nb2+ 43. Kd4 Nd1 44. h4 Nf2 45. h5 Kd7 46.
Nb6+ Ke8 47. Bb4 f6 48. Nxd5 Kf7 49. f5 Ng4 50. c4 Nh6 51. c5 Nxf5+ 52. Ke4 Ke6
53. Nb6 Bc2+ 54. Kf4 Nd4 55. g4 Nc6 56. Bc3 Nb8 57. g5 fxg5+ 58. Kxg5 Kf7 59.
Nd5 Kg8 60. Ne7+ Kh7 61. c6 Na6 62. Nd5 Nc5 63. Nf6+ Kg7 64. Nd7+ Kf7 65. Nxc5
Ke7 66. Nb7 Be4 67. h6 Bd3 68. Bb4+ Ke8 69. Kf6 Bc2 70. Kg7 Bd3 71. h7 Bxh7 72.
Kxh7 Kf7 73. c7 1-0

[Event "DVM U14w 2010"]
[Site "Templin OT Groß Dölln GER"]
[Date "2010.12.29"]
[Round "6"]
[White "Lütje, Melanie"]
[Black "Schrötter, Luisa"]
[Result "1/2-1/2"]
[Termination "normal"]
[Board "5.3"]
[WhiteElo "911"]
[BlackElo "1132"]
[WhiteTeam "SG Porz"]
[BlackTeam "SAV Torgelow"]
[PlyCount "100"]
[EventCountry "GER"]
[EventRounds "7"]
[EventType "team-swiss"]
[EventDate "2010.12.26"]

1. e4 c6 2. Nf3 d5 3. Nc3 dxe4 4. Nxe4 Bg4 5. h3 Bxf3 6. Qxf3 e6 7. Bc4 (7. c3
Nd7 8. d4 Ngf6 9. Bd3 Nxe4) 7... Nd7 8. Bb3 Ngf6 9. d3 Be7 10. Be3 O-O 11. O-O
Re8 12. Rad1 a6 13. c4 Qc8 14. d4 Nxe4 15. Qxe4 Nf6 16. Qe5 Qb8 17. Qxb8 Raxb8
18. Bf4 Red8 19. Be5 Rd7 20. Bxf6 Bxf6 21. d5 cxd5 22. cxd5 exd5 23. Bxd5 Rbd8
24. Rfe1 g6 25. Bf3 Rxd1 26. Bxd1 Bxb2 27. Bf3 b6 28. Rb1 Bd4 29. a4 Bc5 30.
Be2 a5 31. Rd1 Rxd1+ 32. Bxd1 Kf8 33. Kf1 Ke7 34. f4 Kd6 35. g4 Be3 36. Ke2
Bxf4 37. Kf3 Be5 38. h4 h6 39. g5 hxg5 40. hxg5 f6 41. gxf6 Bxf6 42. Ke4 Be5
43. Be2 g5 44. Kf5 Bf4 45. Bd3 Kd5 46. Be2 Kc5 47. Bb5 Kd4 48. Kg4 Ke3 49. Bc6
Kd4 50. Bb5 Ke5 1/2-1/2

[Event "DVM U14w 2010"]
[Site "Templin OT Groß Dölln GER"]
[Date "2010.12.29"]
[Round "6"]
[White "Rais, Vanessa"]
[Black "Siegel, Aurelia"]
[Result "1-0"]
[Termination "normal"]
[Board "5.4"]
[WhiteElo "881"]
[BlackElo "800"]
[WhiteTeam "SAV Torgelow"]
[BlackTeam "SG Porz"]
[PlyCount "73"]
[BlackFideId "12929581"]
[EventCountry "GER"]
[EventRounds "7"]
[EventType "team-swiss"]
[EventDate "2010.12.26"]

1. e4 e5 2. Nf3 Nc6 3. Bc4 Bc5 4. c3 Nf6 5. d4 exd4 6. cxd4 Bb4+ 7. Nc3 Nxe4 8.
O-O Nxc3 9. bxc3 Bxc3 10. Rb1 d5 11. Bb3 O-O 12. Bc2 b6 13. Qd3 g6 14. Qxc3 Ne7
15. Re1 Bg4 16. Ne5 Bf5 17. Bxf5 Nxf5 18. Ba3 Re8 19. Rbc1 Rc8 20. Nc6 Qd7 21.
Ne5 Qa4 22. Rcd1 Nd6 23. Qb3 Qa5 24. Bb4 Qb5 25. a4 Qa6 26. Qxd5 Rcd8 27. Bxd6
cxd6 28. Qxf7+ Kh8 29. Nxg6+ hxg6 30. Rxe8+ Rxe8 31. Qxe8+ Kh7 32. Re1 Qd3 33.
Qf7+ Kh6 34. Qf4+ Kg7 35. Re7+ Kg8 36. Qf7+ Kh8 37. Qh7# 1-0

[Event "DVM U14w 2010"]
[Site "Templin OT Groß Dölln GER"]
[Date "2010.12.29"]
[Round "6"]
[White "Braun, Kristin"]
[Black "Bork, Sophie"]
[Result "0-1"]
[Termination "normal"]
[Board "6.1"]
[WhiteElo "1447"]
[BlackElo "1196"]
[WhiteTeam "SC Uttenreuth"]
[BlackTeam "SV Welper 1922"]
[PlyCount "160"]
[WhiteFideId "24656534"]
[BlackFideId "12905429"]
[EventCountry "GER"]
[EventRounds "7"]
[EventType "team-swiss"]
[EventDate "2010.12.26"]

1. e4 e5 2. Nf3 Nf6 3. Nc3 Nc6 4. Bc4 Bc5 5. d3 d6 6. h3 O-O 7. Bg5 Be6 8. Bd5
Qe7 9. O-O Rad8 10. Bxc6 bxc6 11. d4 exd4 12. Nxd4 Bd7 13. Re1 Rfe8 14. Qd3
Bxd4 15. Qxd4 c5 16. Qd3 Be6 17. Qf3 h6 18. Bxf6 Qxf6 19. Qxf6 gxf6 20. Nb5 c6
21. Nxa7 Bd7 22. Red1 Re6 23. f4 f5 24. e5 d5 25. c4 d4 26. b4 Ra8 27. Nxc6
Rxc6 28. bxc5 Rxc5 29. Rxd4 Be6 30. a3 Rxc4 31. Rxc4 Bxc4 32. Kf2 Bd5 33. a4
Ra5 34. g4 fxg4 35. hxg4 Kg7 36. Kg3 Be4 37. Kh4 Bc2 38. g5 Bf5 39. Kh5 hxg5
40. Kxg5 Bc2 41. f5 Rxe5 42. a5 Rxf5+ 43. Kg4 Rd5 44. a6 Rd8 45. Rc1 Bd3 46. a7
Rd4+ 47. Kf3 Ra4 48. Ke3 Bg6 49. Rc7 Kf6 50. Rc6+ Ke7 51. Rc7+ Kd6 52. Rb7 Kc6
53. Re7 Kb6 54. Re5 Kxa7 55. Re7+ Kb6 56. Rd7 Kc6 57. Rd2 Kc5 58. Rd1 Re4+ 59.
Kf2 Rd4 60. Re1 Kd5 61. Kf3 Re4 62. Rxe4 Bxe4+ 63. Kf4 Bc2 64. Kg5 Ke5 65. Kg4
Ke4 66. Kg3 f5 67. Kf2 Kf4 68. Ke1 Kg3 69. Kf1 Kf3 70. Ke1 Kg2 71. Kd2 f4 72.
Kxc2 f3 73. Kd2 f2 74. Ke2 f1=Q+ 75. Kd2 Kf2 76. Kc2 Ke2 77. Kb2 Kd2 78. Ka2
Kc2 79. Ka3 Qb5 80. Ka2 Qb2# 0-1

[Event "DVM U14w 2010"]
[Site "Templin OT Groß Dölln GER"]
[Date "2010.12.29"]
[Round "6"]
[White "Hütte, Sarah"]
[Black "Michalowski, Melina"]
[Result "1/2-1/2"]
[Termination "normal"]
[Board "6.2"]
[WhiteElo "889"]
[BlackElo "1109"]
[WhiteTeam "SV Welper 1922"]
[BlackTeam "SC Uttenreuth"]
[PlyCount "92"]
[WhiteFideId "12929611"]
[BlackFideId "12902462"]
[EventCountry "GER"]
[EventRounds "7"]
[EventType "team-swiss"]
[EventDate "2010.12.26"]

1. c4 c6 2. Nc3 d5 3. cxd5 cxd5 4. e3 Nf6 5. g3 e6 6. Bg2 Nc6 7. a3 Bd6 8. Rb1
O-O 9. b4 a6 10. Nge2 b5 11. O-O Bb7 12. Bb2 Rc8 13. d4 Re8 14. Qd3 Bf8 15.
Rfd1 g6 16. Nf4 Bg7 17. Qe2 e5 18. dxe5 Nxe5 19. Nfxd5 Nxd5 20. Nxd5 Bxd5 21.
Bxd5 Qb6 22. Bg2 Rc4 23. Rbc1 Rxc1 24. Rxc1 Nc4 25. Bxg7 Kxg7 26. Rc3 a5 27.
bxa5 Qxa5 28. Qd3 Rd8 29. Qc2 Nxa3 30. Qb3 b4 31. Rc1 Qb5 32. Ra1 Rd3 33. Qb2+
Kh6 34. Bf1 Qc4 35. Bxd3 Qxd3 36. Qxb4 Nc2 37. Qh4+ Kg7 38. Ra7 Qd1+ 39. Kg2
Ne1+ 40. Kh3 Nf3 41. Qe7 Qf1+ 42. Kg4 Nxh2+ 43. Kf4 Qxf2+ 44. Ke4 Qf5+ 45. Kd4
Nf3+ 46. Kc3 Qd5 1/2-1/2

[Event "DVM U14w 2010"]
[Site "Templin OT Groß Dölln GER"]
[Date "2010.12.29"]
[Round "6"]
[White "Michalowski, Sophia"]
[Black "Marx, Jasmin"]
[Result "1-0"]
[Termination "normal"]
[Board "6.3"]
[WhiteElo "997"]
[BlackElo "1136"]
[WhiteTeam "SC Uttenreuth"]
[BlackTeam "SV Welper 1922"]
[PlyCount "96"]
[WhiteFideId "12902454"]
[BlackFideId "12929620"]
[EventCountry "GER"]
[EventRounds "7"]
[EventType "team-swiss"]
[EventDate "2010.12.26"]

1. d4 {[%emt 0:00:00]} d5 2. c4 c6 3. Bf4 Nf6 4. Nf3 Bg4 5. e3 e6 6. Nc3 Bd6 7.
Bxd6 Qxd6 8. Be2 O-O 9. O-O Nbd7 10. a3 e5 11. dxe5 Nxe5 12. Nxe5 Bxe2 13. Nxf7
Rxf7 14. Qxe2 Qe5 15. Rad1 Rd7 16. Qf3 Rad8 17. Qf4 Qxf4 18. exf4 dxc4 19. Rxd7
Rxd7 20. Rd1 Rxd1+ 21. Nxd1 Kf7 22. Ne3 b5 23. f5 Ke7 24. Kf1 Kd6 25. Ke2 Ke5
26. g4 Kd4 27. Nc2+ Ke5 28. f3 Kd5 29. Nb4+ Kc5 30. Kd2 Nd5 31. Nxd5 Kxd5 32.
Ke3 a5 33. h4 b4 34. axb4 axb4 35. h5 b3 36. g5 Ke5 37. f6 gxf6 38. g6 hxg6 39.
h6 Kd5 40. h7 c3 41. h8=Q cxb2 42. Qh1 Kc4 43. Qf1+ Kb4 44. Qb1 Ka3 45. Kd4 f5
46. Kc3 Ka4 47. Qxb2 Kb5 48. Qxb3+ Kc5 1-0

[Event "DVM U14w 2010"]
[Site "Templin OT Groß Dölln GER"]
[Date "2010.12.29"]
[Round "6"]
[White "Schaller, Bettina"]
[Black "Meyer, Franziska"]
[Result "1-0"]
[Termination "normal"]
[Board "6.4"]
[WhiteElo "975"]
[BlackElo "849"]
[WhiteTeam "SV Welper 1922"]
[BlackTeam "SC Uttenreuth"]
[PlyCount "57"]
[WhiteFideId "12929638"]
[BlackFideId "12929530"]
[EventCountry "GER"]
[EventRounds "7"]
[EventType "team-swiss"]
[EventDate "2010.12.26"]

1. d4 d5 2. Bf4 e6 3. Nf3 Bd6 4. e3 f5 5. Bd3 Nf6 6. O-O O-O 7. c3 c6 8. Ne5
Nbd7 9. Nd2 Ne4 10. f3 Nxd2 11. Qxd2 Nf6 12. Bg5 Qe8 13. Rad1 h6 14. Bf4 Bxe5
15. Bxe5 Nd7 16. Qf2 c5 17. Bd6 Rf6 18. Bb5 a6 19. Bxd7 Qxd7 20. Bxc5 Qf7 21.
Bd6 Bd7 22. Be5 Rg6 23. Qh4 Rg5 24. Rd2 Rh5 25. Qg3 Bb5 26. Rff2 Be8 27. Rde2
Qd7 28. a4 Qxa4 29. Qxg7# 1-0

[Event "DVM U14w 2010"]
[Site "Templin OT Groß Dölln GER"]
[Date "2010.12.29"]
[Round "6"]
[White "Petermann, Tessa"]
[Black "Bajorski, Maria Sophie"]
[Result "1/2-1/2"]
[Termination "normal"]
[Board "7.1"]
[WhiteElo "1313"]
[BlackElo "1357"]
[WhiteTeam "SV Schott Jena"]
[BlackTeam "SK Freiburg-Zähringen 1887 e.V."]
[PlyCount "53"]
[WhiteFideId "12929492"]
[BlackFideId "24654531"]
[EventCountry "GER"]
[EventRounds "7"]
[EventType "team-swiss"]
[EventDate "2010.12.26"]

1. d4 d5 2. Nf3 e6 3. e3 Nf6 4. Bd3 c5 5. c3 Nc6 6. Nbd2 Bd6 7. O-O O-O 8. Re1
Re8 9. dxc5 Bxc5 10. h3 e5 11. e4 Qb6 12. Re2 Be6 13. exd5 Bxd5 14. b4 Bf8 15.
Ne4 Nxe4 16. Bxe4 Bxe4 17. Rxe4 Rad8 18. Qc2 g6 19. Bb2 Bg7 20. a3 Rc8 21. c4
Nd4 22. Nxd4 exd4 23. c5 Qd8 24. Rxe8+ Qxe8 25. Rd1 Rd8 26. Rd3 Qe4 27. Qd1
1/2-1/2

[Event "DVM U14w 2010"]
[Site "Templin OT Groß Dölln GER"]
[Date "2010.12.29"]
[Round "6"]
[White "Hund, Sarah"]
[Black "Monossova, Maria"]
[Result "1/2-1/2"]
[Termination "normal"]
[Board "7.2"]
[WhiteElo "1270"]
[BlackElo "1367"]
[WhiteTeam "SK Freiburg-Zähringen 1887 e.V."]
[BlackTeam "SV Schott Jena"]
[PlyCount "87"]
[WhiteFideId "12923338"]
[BlackFideId "12929506"]
[EventCountry "GER"]
[EventRounds "7"]
[EventType "team-swiss"]
[EventDate "2010.12.26"]

1. e4 e6 2. d4 d5 3. exd5 exd5 4. Bd3 Nc6 5. c3 Bd6 6. Qc2 Nf6 7. Ne2 Be6 8.
Bf4 Bxf4 9. Nxf4 Qd6 10. Nxe6 fxe6 11. Nd2 O-O-O 12. O-O-O Rdf8 13. Rde1 Ng4
14. Nf3 Rf6 15. h3 Nh6 16. Ne5 Rhf8 17. Re2 Nf5 18. Rhe1 Rh6 19. g3 Ncxd4 20.
cxd4 Nxd4 21. Qd2 Nxe2+ 22. Qxe2 Rxh3 23. Qe3 Rh5 24. Qxa7 c5 25. Qa8+ Kc7 26.
Qa5+ b6 27. Qa7+ Kd8 28. Qa8+ Ke7 29. Qa7+ Kf6 30. Ng4+ Kg5 31. Re5+ Kxg4 32.
Qxg7+ Kf3 33. Rxh5 Kxf2 34. Qg4 Qxg3 35. Qxg3+ Kxg3 36. Rxh7 e5 37. Rd7 d4 38.
Rd6 Rb8 39. Rf6 b5 40. b3 Rc8 41. Rf5 c4 42. bxc4 bxc4 43. Bf1 e4 44. a4
1/2-1/2